• 首页
  • 本馆介绍
  • 公告通知
  • 最新文献
  • 馆藏检索
  • 电子资源
  • 读者导购
  • 参考咨询
  • 我的图书馆
  • 登录
  • 详细信息显示
  • 放入我的书架
  • 预约/预借图书
  • 作者相关作品
  • 分类相关作品
  • 丛书相关作品
  • 出版社相关作品

书目信息

  • 表格格式
  • 工作单格式
  • 卡片格式
题名:
汪道全书赤壁赋
    
 
作者: 汪道全 书
分册:  
出版信息: 成都   巴蜀书社  1987.7
页数: 47页
开本: 26厘米
丛书名:
单 册:
中图分类: J292.26
科图分类: 48.3265
主题词: 法帖-楷书--中国--明代 , 楷书-法帖--中国--明代
电子资源:
ISBN: 7-80523-005-6
000 00815nam0 2200277 45
001 0188004035
005 20061114142310.07
010    @a7-80523-005-6@dCNY0.80
020    @aCN@b88004035
100    @a19910411d1987 m y0chiy0120 ea
101 0  @achi
102    @aCN@b510000
105    @ay z 000yy
200 10 @a汪道全书赤壁赋@Awang dao quan shu chi bi fu@f(明)汪道全书@F( ming ) wang dao quan shu
205    @b影印本
210    @a成都@c巴蜀书社@d1987.7
215    @a47页@d26厘米
300    @a本书据明代佳本原大影印
540 1  @a汪道全 赤壁赋@Awang dao quan chi bi fu
606    @a法帖-楷书@y中国@z明代
606    @a楷书-法帖@y中国@z明代
690    @aJ292.26@v1980
692    @a48.3265@v1974
701  0 @a汪道全@Awang dao quan@4书
801  0 @aCN@bTSSF@c20061114
905    @a10447@dJ292.26@e206
    
    汪道全书赤壁赋/(明)汪道全书.-影印本.-成都:巴蜀书社,1987.7
    47页;26厘米
    本书据明代佳本原大影印
    
    ISBN 7-80523-005-6:CNY0.80
    
●
相关链接 在E读中查询图书 在五车中查询图书 在当当中查询图书 在豆瓣中查询图书


正题名:汪道全书赤壁赋     索取号:J292.26/206         预约/预借

序号 登录号 条形码 馆藏地/架位号 状态 备注
1 0218177   001210610   第一样本阅览室/ [索取号:J292.26/206] 在馆    
唐山师范学院图书馆 欢迎您!
大连网信软件有限公司© 版权所有